Aj neúspešný rok 1999 donútil potravinársky koncern Coca-Cola meniť stratégiu
Hospodárenie spoločnosti Coca-Cola Company so sídlom v americkej Atlante v roku 1999. Obrat, zisk, tržby, rentabilita kapitálu spoločnosti. Zhoršenie výsledkov spoločnosti oproti predchádzajúcim rokom. Potreba odklonu od centralizácie. Počet zamestnancov spoločnosti. Novú filozofiu spoločnosti cítiť...
Saved in:
| Main Author: | |
|---|---|
| Format: | Book Chapter |
| Language: | Slovak |
| Subjects: | |
| Tags: |
No Tags, Be the first to tag this record!
|
MARC
| LEADER | 00000naa a2200000 4500 | ||
|---|---|---|---|
| 001 | r038136 | ||
| 005 | 20230921105310.0 | ||
| 041 | 0 | |a slo | |
| 044 | |a SK | ||
| 245 | 1 | 0 | |a Aj neúspešný rok 1999 donútil potravinársky koncern Coca-Cola meniť stratégiu |c Jana Janků |
| 520 | |a Hospodárenie spoločnosti Coca-Cola Company so sídlom v americkej Atlante v roku 1999. Obrat, zisk, tržby, rentabilita kapitálu spoločnosti. Zhoršenie výsledkov spoločnosti oproti predchádzajúcim rokom. Potreba odklonu od centralizácie. Počet zamestnancov spoločnosti. Novú filozofiu spoločnosti cítiť aj na Slovensku. | ||
| 610 | 2 | 0 | |a hospodárenie finančné |
| 610 | 2 | 0 | |a hospodárenie podnikové |
| 610 | 2 | 0 | |a obrat obchodný |
| 610 | 2 | 0 | |a zisk |
| 610 | 2 | 0 | |a tržby |
| 610 | 2 | 0 | |a rentabilita |
| 610 | 2 | 0 | |a centralizácia |
| 610 | 2 | 0 | |a USA |
| 610 | 2 | 0 | |a Slovensko |
| 610 | 2 | 0 | |a Coca-Cola Company |
| 610 | 2 | 0 | |a 1999 |
| 100 | 1 | |a Janků, Jana | |